The scattering of light and other electromagnetic radiation (Record no. 3490)

MARC details
000 -LEADER
fixed length control field 00639nam a2200193Ia 4500
003 - CONTROL NUMBER IDENTIFIER
control field IN-BaIIA
008 - FIXED-LENGTH DATA ELEMENTS--GENERAL INFORMATION
fixed length control field 211028s9999 xx 000 0 eng d
040 ## - CATALOGING SOURCE
Transcribing agency IIA Library
080 ## - UNIVERSAL DECIMAL CLASSIFICATION NUMBER
Universal Decimal Classification number 535.4
Item number KER
100 ## - MAIN ENTRY--PERSONAL NAME
Personal name Kerker, Milton
9 (RLIN) 6175
245 #4 - TITLE STATEMENT
Title The scattering of light and other electromagnetic radiation
Statement of responsibility, etc. Milton Kerker
260 ## - PUBLICATION, DISTRIBUTION, ETC.
Place of publication, distribution, etc. New York
Name of publisher, distributor, etc. Academic Press
Date of publication, distribution, etc. 1969
300 ## - PHYSICAL DESCRIPTION
Extent xv, 666p.
490 ## - SERIES STATEMENT
Series statement Physical chemistry, a series of monographs; v. 16
650 ## - SUBJECT ADDED ENTRY--TOPICAL TERM
Topical term or geographic name entry element Astronomy and astrophysics thesaurus
650 ## - SUBJECT ADDED ENTRY--TOPICAL TERM
Topical term or geographic name entry element Light scattering
9 (RLIN) 3487
650 ## - SUBJECT ADDED ENTRY--TOPICAL TERM
Topical term or geographic name entry element Scattering
9 (RLIN) 3302
942 ## - ADDED ENTRY ELEMENTS (KOHA)
Koha item type Books
Holdings
Withdrawn status Lost status Damaged status Not for loan Home library Current library Shelving location Date acquired Cost, normal purchase price Total Checkouts Full call number Barcode Date last seen Cost, replacement price Price effective from Koha item type Purchase Price
        IIA Library-Bangalore IIA Library-Bangalore General Stacks 23/05/1970 241.20   535.4/ KER 3888 05/11/2021 241.20 23/05/1970 Books Rs. 241.20

Powered by Koha